[Event "RUS-chT Premier League 2018"]
[Site "Sochi"]
[Date "2018.05.10"]
[Round "9"]
[White "Khismatullin, Denis"]
[Black "Ponkratov, Pavel"]
[Result "0-1"]
[WhiteElo "2632"]
[BlackElo "2601"]
[Annotator "TA"]
[PlyCount "108"]
[EventDate "2018.??.??"]
[EventCountry "RUS"]
[SourceTitle "playchess.com"]
[Source "ChessBase"]
[SourceQuality "1"]

{[%evp 15,108,53,62,41,56,39,50,42,58,25,32,28,43,40,46,39,58,55,43,43,46,53,51,50,56,33,35,43,76,76,76,74,76,50,52,33,91,83,86,90,98,85,109,112,119,109,185,177,177,178,279,232,267,252,376,345,281,118,100,74,141,0,108,0,116,83,95,100,95,99,200,224,231,86,247,95,208,87,116,106,118,119,126,126,126,127,237,-662,-658,-645,-640,-616,-608,-5129,-2800]} 1. Nf3 Nf6 2. c4 g6 3. Nc3 Bg7 4. e4 O-O 5. d4 d6 6. Be2 c5 7. O-O Bg4 8. d5 Re8 {LiveBook: 3 Games. E91: King's Indian: Classical: 6 Be2, unusual replies including 6...c5 and 6...Bg4} 9. Be3 Nbd7 10. Re1 $146 ({Predecessor:} 10. h3 Bxf3 11. Bxf3 e6 12. Qd2 exd5 13. exd5 Ne5 14. Be2 a6 15. Rfe1 Qa5 16. a3 Rab8 {1-0 (55) Lenderman,A (2611)-Gabuzyan,H (2571) chess.com INT 2018}) 10... a6 {White is slightly better.} 11. Qc2 Rb8 12. a4 Bxf3 13. Bxf3 e6 14. h3 exd5 15. exd5 Qa5 16. Bd2 Rxe1+ 17. Rxe1 Re8 18. Be2 Qd8 19. f4 Re7 20. Bf3 Rxe1+ 21. Bxe1 Qe7 22. Qe2 Qd8 23. g4 Kf8 24. Kg2 Qb6 25. Qc2 Ng8 ({Better is} 25... Qb4 $14) 26. Ne4 Ndf6 27. a5 $36 {[%mdl 2048] White has strong initiative.} Qd8 28. Ng3 Nd7 29. g5 Ne7 30. h4 {[%cal Bh3h4,Bh4h5,Bh5h6][%mdl 32]} f5 (30... Qe8 $16) 31. h5 $18 Kf7 32. h6 Bh8 (32... Bd4 $142 33. Ne2 Bh8) 33. Bd1 b5 34. Qe2 $1 {[%cal Re2e6] Qe6+ is the strong threat.} Qb8 (34... Ke8 $142 35. cxb5 axb5) 35. Qe6+ Ke8 36. b4 (36. Nxf5 $1 $18 gxf5 37. g6 $1 {[%mdl 512]} hxg6 38. Bh4) 36... Nf8 $16 37. Qe2 Nd7 (37... Qb7 $142) 38. Qe6 {aiming for Nxf5.} Nf8 39. Qe2 Nd7 $1 40. Bb3 Bd4 41. Qd3 Qb7 42. Kh2 Kd8 (42... Bh8 $16) 43. Ne2 $18 Bh8 {[#]} 44. Ba2 (44. Bc3 $1 $18 {[%cal Rc3h8] is the precise move to win.} Bxc3 45. Qxc3) 44... Qb8 $2 (44... bxc4 $16 {is a better defense.} 45. Qxc4 (45. Bxc4 cxb4 46. Qb3 Nc5 $14) 45... Qb5) 45. Bd2 $2 (45. Bc3 $18 {and White stays clearly on top.} Bxc3 46. Qxc3) 45... Qb7 {[#]} (45... bxc4 $16 {keeps fighting.} 46. Qxc4 (46. Bxc4 cxb4 47. Qb3 Qa7 $14) 46... Bb2) 46. Be3 (46. Bc3 $1 $18 {[%cal Rc3h8] and the rest is easy.} bxc4 47. Bxc4 Bxc3 48. Qxc3) 46... bxc4 47. Bxc4 {And now bxc5 would win.} Qxb4 48. Bd2 Qa4 49. Bxa6 Qd1 50. Bc4 {Black must now prevent a6.} Qf1 (50... Nc8 $16 {was necessary.} 51. Kg2 Na7) 51. Qe3 $4 {[%mdl 8192] [#]} (51. a6 $18 Qf2+ 52. Kh3) 51... Ne5 $1 $19 {[%cal Re5g4][%mdl 512] Black is clearly winning.} 52. fxe5 Bxe5+ 53. Ng3 Qxc4 54. Kh3 Qg4+ {Precision: White = 50%, Black = 45%.} 0-1

[Event "RUS-chT Premier League 2018"]
[Site "Sochi"]
[Date "2018.05.10"]
[Round "9"]
[White "Alekseev, Evgeny"]
[Black "Esipenko, Andrey"]
[Result "1-0"]
[WhiteElo "2622"]
[BlackElo "2587"]
[Annotator "TA"]
[PlyCount "105"]
[EventDate "2018.??.??"]
[EventCountry "RUS"]
[SourceTitle "playchess.com"]
[Source "ChessBase"]
[SourceQuality "1"]

{[%evp 19,105,6,19,19,17,18,29,13,26,13,19,17,17,0,24,0,0,0,0,0,0,0,0,0,0,0,0,0,5,0,17,0,11,14,8,14,0,6,30,0,13,5,33,33,41,39,50,35,50,26,68,10,60,62,59,66,59,62,58,16,63,63,63,21,310,282,399,399,399,399,392,392,392,392,385,385,12807,8855,6107,6087,29974,29971,29968,7110,29972,29973,29973,29972]} 1. e4 c6 2. d4 d5 3. exd5 cxd5 4. Nf3 Nc6 5. Ne5 e6 6. Bb5 {B13: Caro-Kann: Exchange Variation and Panov-Botvinnik Attack} Bd7 7. Nxd7 Qxd7 8. c3 Nf6 9. O-O Bd6 10. Nd2 ({Predecessor:} 10. Bd3 O-O 11. Nd2 a6 12. a4 Rab8 {1-0 (41) Wen,Y (2613)-Yu,R (2526) China 2017}) 10... Qc7 $146 {LiveBook: 3 Games} (10... O-O 11. Re1 a6 12. Bd3 e5 13. dxe5 Nxe5 {1-0 (52) Kramnik,V (2787)-Caruana,F (2811) Wijk aan Zee 2018}) 11. g3 O-O 12. Bd3 a6 13. a4 Na5 14. f4 Rab8 15. Qe2 g6 16. Ra2 Be7 17. Nf3 Nc4 18. Bxc4 Qxc4 19. Qxc4 dxc4 20. a5 Rbc8 $1 21. Ra4 Rc7 22. f5 gxf5 23. Bf4 Rcc8 24. Ne5 Nd5 25. Rxc4 Rxc4 (25... Rcd8 {is more complex.} 26. Bh6 Rfe8 27. Ra4 f6 28. Nd3 Bd6) 26. Nxc4 Rc8 27. Ne5 h5 28. Kf2 h4 29. Kf3 hxg3 30. Bxg3 f6 31. Nd3 Kf7 32. h4 Bf8 33. Re1 Rc6 34. Nf4 Ne7 35. Bf2 ({White should play} 35. h5 $14) 35... Bh6 36. Nd3 $1 Nd5 37. Nc5 {Strongly threatening c4.} b5 38. axb6 Rxb6 39. c4 Nb4 40. Re2 Bg7 41. Bg3 {aiming for Bc7.} Rc6 $2 {[%mdl 8192]} (41... e5 $1 $11) 42. Nb7 $1 $18 Ke7 (42... e5 {was called for.} 43. dxe5 (43. Nd8+ Kg6 $18) 43... fxe5) 43. d5 $1 {[%cal Rd5c6]} Rxc4 {And now ...e5 would win.} 44. Bd6+ Ke8 45. Bxb4 Rxb4 {[%mdl 4096] Endgame [#] KRB-KRN} 46. Nd6+ $1 Kd8 47. dxe6 {Intending e7+ and mate.} Rb3+ $2 (47... Bf8) 48. Re3 Rxe3+ 49. Kxe3 Bh6+ 50. Kd3 Bc1 51. Kc2 Ke7 52. Nxf5+ Kxe6 {[#]} 53. Nd4+ $1 {Precision: White = 73%, Black = 34%.} 1-0

[Event "RUS-chT Premier League 2018"]
[Site "Sochi"]
[Date "2018.05.10"]
[Round "9"]
[White "Kobalia, Mikhail"]
[Black "Lobanov, Sergei"]
[Result "1-0"]
[WhiteElo "2601"]
[BlackElo "2515"]
[Annotator "TA"]
[PlyCount "93"]
[EventDate "2018.??.??"]
[EventCountry "RUS"]
[SourceTitle "playchess.com"]
[Source "ChessBase"]
[SourceQuality "1"]

{[%evp 15,93,20,22,28,14,24,23,16,46,38,51,31,30,30,51,35,25,0,0,0,23,27,51,23,37,32,67,68,88,88,93,90,91,67,72,80,76,75,64,46,51,48,49,54,52,47,93,45,65,54,51,56,61,49,59,44,61,61,69,72,81,44,89,11,95,77,89,81,115,113,214,219,211,214,474,477,469,463,789,766]} 1. e4 c6 2. d4 d5 3. exd5 cxd5 4. Bd3 Nc6 5. c3 Qc7 6. Ne2 Bg4 7. O-O {B13: Caro-Kann: Exchange Variation and Panov-Botvinnik Attack} e6 (7... Nf6 8. Qe1 Bxe2 9. Qxe2 g6 10. f4 Bh6 11. Nd2 O-O 12. Qf2 e6 13. Qh4 Bg7 14. Nf3 Ne7 {1-0 (49) Piorun,K (2651)-Rodshtein,M (2699) Katowice 2017}) 8. Qe1 Nf6 {LiveBook: 8 Games} 9. Bg5 {The position is equal.} Bxe2 10. Qxe2 Bd6 11. g3 Nd7 12. Nd2 O-O 13. Nf3 Rfe8 14. Rad1 a6 15. Bc1 $146 b5 16. a4 bxa4 17. Qc2 Nf8 18. Qxa4 Na5 19. Rfe1 Rec8 20. Ne5 $36 {[%cal Bf3e5,Be5g4,Bg4e3][%mdl 2080] White fights for an advantage.} f6 21. Ng4 Nc4 22. Ne3 Nb6 23. Qa5 Nbd7 24. Qa2 Nb6 25. Bd2 a5 26. Rc1 Qd7 27. c4 {[#] c5 is the strong threat.} Bb4 28. Bxb4 axb4 29. Qb3 dxc4 30. Bxc4 Kh8 31. d5 {[%cal Rd5e6]} (31. Qxb4 {with more complications.} Qxd4 32. Red1 Qc5 33. Qxc5 Rxc5 34. b4) 31... exd5 32. Bxd5 Nxd5 33. Nxd5 Rxc1 34. Rxc1 {Strongly threatening Nb6.} Qe6 35. Qf3 {Black must now prevent Nc7.} Rc8 36. Rxc8 Qxc8 37. Kg2 Qc5 38. h4 h6 {[#]} 39. Qe4 (39. Nf4 $1 $16) 39... b3 (39... Qc6 $1 $11 {remains equal.}) 40. Ne7 h5 41. Nd5 Kg8 42. Qf3 Qc2 (42... Qc4 $16 {was necessary.}) 43. Qxh5 $18 {[%cal Rd5e7]} Qe4+ 44. Qf3 Qc2 $2 (44... Qc4 {is a better defense.} 45. Ne7+ Kf7) 45. Ne7+ {White is clearly winning.} Kf7 46. Nf5 Qxb2 (46... Qc7 $142 47. Qxb3+ Ne6) 47. Qd5+ {Precision: White = 56%, Black = 43%.} 1-0

[Event "RUS-chT Premier League 2018"]
[Site "Sochi"]
[Date "2018.05.10"]
[Round "9"]
[White "Sarana, Alexey"]
[Black "Romanov, Evgeny"]
[Result "0-1"]
[WhiteElo "2587"]
[BlackElo "2619"]
[Annotator "TA"]
[PlyCount "92"]
[EventDate "2018.??.??"]
[EventCountry "RUS"]
[SourceTitle "playchess.com"]
[Source "ChessBase"]
[SourceQuality "1"]

{[%evp 19,92,14,11,0,0,0,0,0,4,10,10,0,0,-14,-8,-33,-18,-36,-22,-29,-29,-60,-39,-16,-15,-32,-15,-82,-20,-74,-51,-72,-8,-11,-10,-10,-11,-52,-52,-54,-64,-86,-33,-31,-29,-54,-45,-78,-70,-151,-151,-151,-151,-175,-149,-223,-224,-452,-445,-451,-447,-446,-447,-424,-437,-431,-409,-437,-436,-495,-487,-485,-477,-553,-545]} 1. d4 d5 2. c4 e6 3. Nf3 Bb4+ 4. Bd2 a5 5. e3 Nf6 6. Bd3 O-O 7. O-O b6 8. a3 {E11: Bogo-Indian} Be7 9. Nc3 Bb7 10. cxd5 exd5 {LiveBook: 6 Games} 11. b3 $146 ({Predecessor:} 11. Qb3 Nbd7 12. Rfd1 Re8 13. Rac1 h6 14. Be1 Bf8 {½-½ (43) Bacrot,E (2704)-Miton,K (2606) Montpellier 2015}) 11... Nbd7 12. Bc1 Re8 13. Bb2 Ne4 14. Qc2 Bf8 15. Ne2 Bd6 16. Ng3 g6 17. Rac1 Rc8 18. Qe2 Qe7 19. a4 h5 20. Nd2 Nxg3 21. hxg3 Nf6 22. Rfe1 Ng4 23. Nf1 {[#]} (23. Nf3 $11) 23... Qg5 (23... f5 $1 $17) 24. f3 (24. Bc3 $11 {keeps the balance.}) 24... Nh6 25. Qc2 Bxg3 ({Black should try} 25... Re6 $17) 26. Nxg3 $11 Qxg3 27. Qf2 Qg5 28. Rc2 Nf5 29. Bxf5 Qxf5 30. Rc3 c6 (30... Qg5 $17 31. Ba3 h4) 31. Qh4 $15 Qd7 32. e4 dxe4 33. Rce3 exf3 34. d5 (34. Qf6 $15 Rxe3 35. Rxe3) 34... Rxe3 $17 ({Avoid the trap} 34... cxd5 $2 35. Qf6 $18) 35. Rxe3 {[#]} Qf5 $1 {[%cal Rf5b1] Hoping for ...Qb1+.} ({Don't do} 35... cxd5 36. Qf6 $15) 36. Qf2 Qxd5 {And now ...c5 would win.} 37. Qe1 (37. Rxf3 $17 {is a better defense.} c5 38. Qh4 Qd1+ 39. Rf1) 37... Qc5 $19 38. Kh2 $2 (38. gxf3 Kh7 39. Qc3 Qxc3 40. Bxc3) 38... Qc2 {[%csl Gf3][%cal Rc2g2]} 39. Rxf3 {Threatens to win with Qe5.} Qxb2 40. Qe7 Rf8 41. Qxb7 {[%mdl 4096] Endgame KQR-KQR} Qe5+ 42. Kg1 Qc5+ 43. Kh2 b5 {Black is clearly winning.} 44. Qc7 bxa4 45. bxa4 Qd5 46. Rf6 Re8 {Precision: White = 29%, Black = 67%.} 0-1

[Event "RUS-chT Premier League 2018"]
[Site "Sochi"]
[Date "2018.05.10"]
[Round "9"]
[White "Potkin, Vladimir"]
[Black "Artemiev, Vladislav"]
[Result "1/2-1/2"]
[WhiteElo "2574"]
[BlackElo "2704"]
[Annotator "TA"]
[PlyCount "66"]
[EventDate "2018.??.??"]
[EventCountry "RUS"]
[SourceTitle "playchess.com"]
[Source "ChessBase"]
[SourceQuality "1"]

{[%evp 15,66,39,28,31,32,0,47,52,49,27,50,41,41,41,51,41,41,56,52,14,13,0,17,13,18,12,29,29,23,8,13,12,17,21,18,12,7,4,10,0,0,0,0,0,0,0,0,0,0,0,0,0,0]} 1. e4 d6 2. d4 g6 3. Nf3 Nf6 4. Nc3 Bg7 5. Be2 O-O 6. O-O Nc6 7. Be3 e5 8. dxe5 dxe5 {LiveBook: 21 Games. B08: Pirc Defence: Classical System} 9. Bb5 (9. Qxd8 Rxd8 10. Rfd1 Bg4 11. Kf1 Bxf3 12. Bxf3 Nd4 13. Rac1 a6 14. Nd5 Nxd5 15. exd5 Rd7 16. Bxd4 exd4 17. Re1 Kf8 {0-1 (71) Guseinov,G (2645)-Carlsen,M (2832) chess.com INT 2017}) 9... Bd7 10. Qe2 Re8 $146 ({Predecessor:} 10... Qe7 11. Bg5 Qe8 12. Rad1 a6 13. Bc4 Bg4 14. Bxf6 Bxf6 15. Nd5 Bd8 16. c3 {1-0 (70) Berzinsh,R (2390)-Hoi,C (2430) Debrecen 1992}) 11. Rad1 Qc8 12. a3 h6 13. h3 a6 14. Bc4 Be6 15. Bxe6 Qxe6 16. Nd5 Rac8 17. Nxf6+ Qxf6 18. Rd5 Qe6 19. c3 f5 20. Bc1 Nd8 21. Rfd1 Nf7 22. Ne1 (22. Qc2 {keeps more tension.} Nd6 23. exf5 Nxf5 24. Qe4 Nd6 25. Qa4) 22... Rcd8 {The position is equal.} 23. Rxd8 Rxd8 24. Rxd8+ Nxd8 25. exf5 gxf5 26. f4 exf4 27. Qxe6+ (27. Qd1 {with more complications.} Qb6+ 28. Kf1 Ne6 29. Nd3 Qc6 30. Bxf4 Nxf4 31. Nxf4 Be5 32. Nd3) 27... Nxe6 $11 {[%mdl 4096] Endgame KBN-KBN} 28. Kf2 Be5 29. Nd3 Bd6 30. Kf3 Ng5+ 31. Kf2 Ne6 32. Kf3 Ng5+ 33. Kf2 Ne6 {Precision: White = 63%, Black = 59%.} 1/2-1/2

[Event "RUS-chT Premier League 2018"]
[Site "Sochi"]
[Date "2018.05.10"]
[Round "9"]
[White "Goganov, Aleksey"]
[Black "Lysyj, Igor"]
[Result "1/2-1/2"]
[WhiteElo "2572"]
[BlackElo "2630"]
[Annotator "TA"]
[PlyCount "80"]
[EventDate "2018.??.??"]
[EventCountry "RUS"]
[SourceTitle "playchess.com"]
[Source "ChessBase"]
[SourceQuality "1"]

{[%evp 30,80,70,53,61,48,69,24,29,0,78,29,37,0,14,10,30,16,16,8,8,7,2,13,31,0,0,11,0,0,20,0,0,0,0,0,0,0,0,0,0,0,0,0,0,0,0,0,0,0,0,0,0]} 1. e4 e5 2. Nf3 Nc6 3. Bc4 Bc5 4. d3 Nf6 5. O-O d6 6. c3 a6 7. h3 Ba7 8. Bb3 Ne7 9. Re1 Ng6 10. Nbd2 {[%cal Bb1d2,Bd2f1,Bf1g3][%mdl 32]} O-O 11. Nf1 Be6 12. Ng3 {C54: Giuoco Piano: 4 c3 Nf6, main lines with 5 d4 and 5 d3} Re8 13. Bc2 h6 14. d4 c6 15. Be3 Qc7 16. Qc1 {LiveBook: 7 Games} (16. Qd2 Rad8 17. Rad1 b5 18. b3 Bb6 19. Qc1 Bc8 {½-½ (58) Anand,V (2779)-Nakamura,H (2779) Saint Louis 2016}) 16... Rad8 17. a4 a5 $146 ({Predecessor:} 17... d5 18. Nxe5 Nxe5 19. dxe5 Bxe3 20. Qxe3 Qxe5 {1-0 (28) Perez,M (2406)-Varacalli,F (2088) Caba 2017}) 18. Kh1 Bb8 19. Kg1 Ba7 20. b3 (20. Nf5 $5 {[%cal Re3h6]}) 20... Bc8 21. c4 exd4 22. Nxd4 Bc5 23. Ndf5 {aiming for Bxh6!} Bxe3 24. Rxe3 d5 25. exd5 cxd5 26. cxd5 Rxd5 27. Rxe8+ (27. Nh5 {is interesting.} Rxe3 28. Nxf6+ gxf6 29. Nxe3 Rc5 30. Qd1) 27... Nxe8 {The position is equal.} 28. Ne3 Rc5 29. Qd2 Nf6 30. Bxg6 fxg6 31. b4 axb4 32. Qxb4 Kh7 33. Rd1 Bd7 34. Ne2 Re5 35. Rc1 Qa5 36. Rb1 Qxa4 37. Qxa4 Bxa4 38. Rxb7 Bd7 39. Nd4 Re4 40. Ndc2 Ba4 {Precision: White = 60%, Black = 64%.} 1/2-1/2

[Event "RUS-chT Premier League 2018"]
[Site "Sochi"]
[Date "2018.05.10"]
[Round "9"]
[White "Maletin, Pavel"]
[Black "Drygalov, Andrey"]
[Result "1-0"]
[WhiteElo "2572"]
[BlackElo "2431"]
[Annotator "TA"]
[PlyCount "75"]
[EventDate "2018.??.??"]
[EventCountry "RUS"]
[SourceTitle "playchess.com"]
[Source "ChessBase"]
[SourceQuality "1"]

{[%evp 18,75,43,41,41,34,50,31,44,47,56,26,52,49,53,51,65,63,78,60,60,54,65,57,58,56,58,59,93,119,110,106,128,139,166,157,363,350,366,335,354,353,362,366,375,366,519,519,585,589,583,583,572,573,1165,1165,1124,1099,29987,29988]} 1. Nf3 Nf6 2. g3 d5 3. Bg2 g6 4. c4 c6 5. b3 Bg7 6. Bb2 O-O 7. O-O Bg4 8. d3 Nbd7 9. Nbd2 Bxf3 10. Nxf3 {LiveBook: 7 Games} e6 {A11: English Opening: 1...c6} 11. Qc2 Qe7 12. Rac1 $146 ({Predecessor:} 12. a3 a6 13. b4 Rfd8 14. Rfe1 a5 15. c5 Ng4 16. d4 f5 17. h3 Ngf6 18. b5 {½-½ (42) Wen,Y (2591)-Lin,C (2475) Xinghua 2014}) 12... Ne8 {White is slightly better.} 13. d4 Nef6 14. Ne1 Rfd8 15. Nd3 Rac8 16. Rfd1 Qf8 17. e3 Qd6 18. Qb1 Qb8 19. Bc3 Re8 20. a4 Ne4 21. Be1 f5 22. Qa2 g5 23. b4 {[%cal Bb3b4,Bb4b5][%mdl 32]} Nd6 24. c5 Nc4 25. b5 Kh8 26. Nb4 {[%cal Bd3b4,Bb4c6,Bc6e7,Be7c8,Bc8d6,Bd6e8][%mdl 32] Strongly threatening Rxc4.} f4 $2 {[#]} (26... Qa8 $16 {was worth a try.} 27. Bf1 e5 28. Bxc4 dxc4 29. Qxc4 exd4) 27. Rxc4 $18 dxc4 28. bxc6 bxc6 29. Nxc6 ({Less strong is} 29. Bxc6 Rxc6 30. Nxc6 Qa8 $16) 29... Qc7 30. Ba5 ({Weaker is} 30. Qxc4 Nb8 $18) 30... Qb7 {[#]} 31. Ne7 $1 {[%mdl 512]} f3 (31... Qa6 $142) (31... Rxe7 32. Bxb7) 32. Nxc8 fxg2 33. Nd6 Qf3 34. Nxe8 Qxd1+ 35. Kxg2 Qb3 36. Qxb3 cxb3 37. c6 Nb6 38. Bxb6 {Precision: White = 75%, Black = 21%.} 1-0

[Event "RUS-chT Premier League 2018"]
[Site "Sochi"]
[Date "2018.05.10"]
[Round "9"]
[White "Yuffa, Daniil"]
[Black "Timofeev, Artyom"]
[Result "1/2-1/2"]
[WhiteElo "2566"]
[BlackElo "2579"]
[Annotator "TA"]
[PlyCount "102"]
[EventDate "2018.??.??"]
[EventCountry "RUS"]
[SourceTitle "playchess.com"]
[Source "ChessBase"]
[SourceQuality "1"]

{[%evp 10,102,23,3,0,-4,-2,-4,-2,0,0,0,28,4,52,-29,36,25,55,41,50,10,10,10,10,10,10,10,10,5,47,0,56,-63,-62,-70,0,0,0,0,0,0,11,11,8,1,10,8,7,12,13,10,6,9,35,35,35,35,35,35,64,60,152,162,205,205,205,205,206,206,206,206,206,206,206,206,206,206,206,206,206,206,206,206,206,206,206,206,206,107,107,107,107,95,95]} 1. d4 Nf6 2. c4 g6 3. Nc3 d5 4. Nf3 Bg7 5. Bg5 Ne4 6. h4 {LiveBook: 11 Games. D91: Grünfeld: 4 Nf3 Bg7 5 Bg5} (6. Nxd5 Nxg5 7. Nxg5 e6 $19) (6. Bf4 O-O 7. e3 c5 8. cxd5 Bf5 9. Be2 cxd4 10. Nxd4 Nxc3 11. bxc3 Be4 12. O-O Bxd5 13. Bg3 Nc6 14. Rb1 {½-½ (26) Moiseenko,A (2674)-Heimann,A (2578) Germany 2017}) 6... Nxg5 7. hxg5 dxc4 8. Qa4+ {The position is equal.} c6 9. Qxc4 Qb6 10. O-O-O Be6 11. Qa4 a5 $146 ({Predecessor:} 11... Na6 12. e3 Nc7 13. Bc4 O-O-O 14. Bxe6+ Nxe6 {½-½ (30) Medina Mitchell,M-Garcia Cedeno,C ICCF email 2016}) 12. Rh4 (12. e3 $14) 12... Nd7 (12... Na6 $11) 13. e3 $14 Qc7 14. Qc2 a4 15. d5 cxd5 16. Nxd5 Qxc2+ 17. Kxc2 Rc8+ 18. Kb1 {aiming for Bb5.} a3 19. bxa3 Rc5 20. Bc4 (20. Ra4 $5 {[%cal Ra4a8]} Rxd5 21. Ra8+ Nb8 22. Rxb8+ Kd7 23. Rxb7+ Kc6 24. Rxd5 Bxd5 25. Rb4 $16 (25. Rxe7 Rb8+ 26. Kc1 Rb2 $11)) 20... h5 (20... Bf5+ $11 21. e4 Bg4 22. Rxg4 Rxc4) 21. Rf4 (21. a4 $14) 21... Bf5+ $15 22. e4 Be6 (22... Bg4 $1 $15 23. Nb6 Ne5) 23. Bb3 $11 Ne5 24. Nxe5 Bxe5 25. Rh4 $1 Bxd5 (25... Bd6 {is more complex.} 26. f4 Ra5 27. a4 O-O 28. g3 b5) 26. Rxd5 Rxd5 27. Bxd5 {[%mdl 4096] Endgame KRB-KRB} b6 28. f4 Bd6 29. e5 Bc5 30. f5 gxf5 31. e6 fxe6 32. Bxe6 Kf8 33. Bxf5 Kg7 34. a4 Rd8 35. Rxh5 Rh8 (35... Rd2 $14) 36. g4 $16 Be3 {[#]} 37. g6 $1 Rxh5 38. gxh5 $18 {KB-KB} e6 39. Be4 Bd2 40. Kc2 Ba5 41. Kd3 Be1 42. Kc4 Ba5 43. Kb5 Kh6 44. Kc6 Kg7 45. Kc7 Kh6 46. Bd3 Kg7 47. Kd7 Bc3 48. Kxe6 Ba5 49. h6+ ({White should try} 49. Kd7 $18) 49... Kxh6 $16 {White is better.} 50. Kf7 {[#] Intending g7 and mate.} Bc3 51. a3 Bd4 {Precision: White = 59%, Black = 51%.} 1/2-1/2

[Event "RUS-chT Premier League 2018"]
[Site "Sochi"]
[Date "2018.05.10"]
[Round "9"]
[White "Lomasov, Semen"]
[Black "Hasangatin, Ramil"]
[Result "1-0"]
[WhiteElo "2559"]
[BlackElo "2502"]
[Annotator "TA"]
[PlyCount "73"]
[EventDate "2018.??.??"]
[EventCountry "RUS"]
[SourceTitle "playchess.com"]
[Source "ChessBase"]
[SourceQuality "1"]

{[%evp 26,73,47,37,70,94,97,41,107,95,100,102,102,96,137,120,132,136,204,188,235,228,301,298,301,295,305,297,316,304,255,172,159,173,168,100,111,88,75,64,148,153,149,145,383,363,1161,1116,1193,1182]} 1. e4 c5 2. Nf3 Nc6 3. d4 cxd4 4. Nxd4 e5 5. Nb5 a6 6. Nd6+ Bxd6 7. Qxd6 Qe7 8. Qd1 Nf6 9. Nc3 d6 10. Bg5 {B32: Sicilian: Löwenthal and Kalashnikov Variations} Be6 11. Nd5 Bxd5 12. exd5 Nb8 13. a4 h6 14. Be3 {LiveBook: 4 Games} a5 15. Bb5+ $146 ({Predecessor:} 15. Be2 Nbd7 16. c3 e4 17. Qd4 O-O {0-1 (48) Hauge,L (2448)-Li,C (2720) Khanty-Mansiysk 2017}) 15... Nbd7 16. g4 (16. Qf3 $16) 16... h5 (16... e4 $14) 17. g5 $16 Ng4 18. Bd2 $1 {aiming for f3.} e4 {[#]} 19. Qe2 $1 Nge5 20. O-O-O $36 {[%mdl 2048] White is on the roll.} Nf3 21. Bf4 Rd8 (21... O-O $16) 22. h4 O-O {[#]} 23. Rh3 $1 {[%cal Rh3f3]} Nfe5 24. Qxe4 (24. Qxh5 Nf3 $16) 24... Nc5 25. Qe2 Ng6 {Threatens to win with ...Qxe2.} 26. Be3 Rc8 {[%cal Bd8c8,Bc8c7,Bc7e7][%mdl 32]} 27. Kb1 ({Less strong is} 27. Qxh5 Qe4 $16) 27... Qe4 28. f3 Qf5 29. Rhh1 Rc7 30. Ka2 (30. Bf2 $18) 30... Rfc8 31. c3 Re7 32. Qf2 Ne5 (32... Re5 $1 $14) 33. Bxc5 Rxc5 34. Rhe1 Rcc7 $2 (34... Ng6 $16 {was called for.}) 35. Qb6 $1 $18 {[%csl LRa5,LRd6]} Qg6 $2 {[#]} (35... Rcd7 36. Bxd7 Rxd7 37. Qxa5 Qxf3) 36. Rxe5 $1 {[%mdl 512]} dxe5 37. Qxg6 {Precision: White = 68%, Black = 32%.} 1-0

[Event "RUS-chT Premier League 2018"]
[Site "Sochi"]
[Date "2018.05.10"]
[Round "9"]
[White "Bocharov, Ivan"]
[Black "Drygalov, Sergey"]
[Result "1-0"]
[WhiteElo "2547"]
[BlackElo "2418"]
[Annotator "TA"]
[PlyCount "133"]
[EventDate "2018.??.??"]
[EventCountry "RUS"]
[SourceTitle "playchess.com"]
[Source "ChessBase"]
[SourceQuality "1"]

{[%evp 32,133,7,0,23,17,8,15,13,0,-7,-7,0,-8,0,-2,8,-23,-28,-22,0,0,-6,-17,40,40,52,51,52,52,52,43,52,43,52,43,52,43,43,43,47,47,47,2,7,0,72,70,75,70,95,69,63,64,69,63,63,67,76,54,89,0,61,73,65,66,66,66,85,67,68,72,86,79,73,52,106,60,48,48,56,54,60,56,57,17,49,0,39,38,30,30,48,39,48,85,117,148,315,197,29980,29981,29981,29981]} 1. e4 e5 2. Nf3 Nc6 3. Bb5 a6 4. Ba4 Nf6 5. O-O Be7 6. Re1 b5 7. Bb3 d6 8. c3 O-O 9. h3 Bb7 10. d4 Re8 11. Nbd2 Bf8 12. a3 h6 13. d5 {C93: Closed Ruy Lopez: Smyslov Variation} (13. Bc2 Nb8 14. b3 Nbd7 15. Bb2 c5 16. d5 Bc8 17. a4 Rb8 18. axb5 axb5 19. Bd3 Nh5 20. Bf1 g6 21. Nh2 Ng7 22. Bd3 Nf6 {1-0 (49) Harikrishna,P (2744)-Ivanchuk,V (2726) Riadh 2017}) 13... Nb8 14. Nh2 Nbd7 15. Qf3 c6 16. dxc6 Bxc6 17. Ba2 {LiveBook: 4 Games} Qe7 18. Ndf1 g6 $146 ({Predecessor:} 18... Nc5 19. Ng3 Qb7 20. Ng4 Ncxe4 21. Nxe4 Nxe4 22. Bxh6 gxh6 23. Rxe4 Bxe4 {1-0 (46) Bologan,V (2530)-Suhl,D (2220) Berlin 1995}) 19. Ng3 Bg7 20. h4 h5 21. Bg5 Nf8 {[%cal Bd7f8,Bf8h7,Bh7f6][%mdl 32]} 22. Nhf1 N8h7 23. Ne3 Qb7 {[%cal Rf6e4]} 24. Bxf6 Nxf6 25. Rad1 Rad8 26. Nd5 Bxd5 27. Bxd5 Qe7 (27... Nxd5 $11 28. Rxd5 Qe7) 28. Bb3 $14 Rd7 29. Nf1 {[%cal Bg3f1,Bf1h2,Bh2f3][%mdl 32]} Bh6 30. g3 Rb8 31. Rd3 Kg7 32. Red1 Rb6 33. Qe2 Qd8 34. Nh2 a5 35. Nf3 Qc7 36. Kg2 Re7 37. Ng5 Nd7 38. Rf3 {[%cal Rf3f7]} Bxg5 (38... Nc5 $1 $11 {remains equal.} 39. Bd5 f6) 39. hxg5 $16 Nc5 40. Bd5 Ne6 41. Bxe6 Rxe6 42. Rd5 Qb7 43. Rfd3 Qe7 44. Qe3 Rb8 45. Rd1 Rb7 46. R1d3 (46. Qd2 $16) 46... f6 ({Black should play} 46... Rb8 $1 $11) 47. Qd2 Rb6 48. gxf6+ Rxf6 49. Qe2 (49. Qe3 {seems wilder.} Rb7 50. f3 Qf8 51. Qd2 Rb6 52. Qe2) 49... Qc7 50. Rf3 Rxf3 51. Qxf3 $14 {[%mdl 4096] Endgame KQR-KQR} Qd7 52. Qe3 Qc7 53. Qd3 Qc6 (53... Qc4 $14) 54. f4 Qc4 55. Qe3 b4 $1 {[%cal Rb4a3]} 56. b3 ({Not} 56. Rxa5 Rb7 $18) 56... Qc7 $1 57. axb4 axb4 58. c4 Ra6 59. fxe5 (59. c5 $5 {[%cal Re3d2]}) 59... dxe5 60. Qd2 $36 {[%mdl 2048] [#] Strongly threatening Rd7+. White has good play.} Ra7 61. Qxb4 {Hoping for Qc3.} Ra2+ 62. Rd2 Qa7 $1 63. Qd6 Kh7 64. b4 h4 $2 (64... Qa8 $16) 65. gxh4 Qe3 $2 {[#]} (65... Qa8 $18) 66. Qe7+ Kg8 67. Qe8+ {Precision: White = 71%, Black = 44%.} 1-0